| 000 | 01012cam a2200325 a 4500 | ||
|---|---|---|---|
| 001 | 2129 | ||
| 005 | 20250409155424.0 | ||
| 020 | _a9780061554087 | ||
| 020 | _a9780061554063 | ||
| 040 |
_aDLC _cDLC _dDLC _beng |
||
| 050 | 0 | 0 |
_aPZ7.G9846 _bCo 2009 |
| 082 | 0 | 0 |
_a303 _222 |
| 100 | 1 | _aGutman, Dan | |
| 245 | 1 | 0 |
_aCoach Hyatt is a riot! / _cDan Gutman ; pictures by Jim Paillot. |
| 250 | _aFirst Edition | ||
| 260 |
_aNew York : _bHarperCollins, _c2009 |
||
| 300 |
_a106 pages : _billustrations _c22 cm |
||
| 490 | 0 |
_aMy weird school daze ; _v4 |
|
| 505 | _aK | ||
| 520 | _aA new football coach arrives at school and, with help from an unexpected new team member, the Moose win a game. | ||
| 521 | 2 |
_a530 _bLexile |
|
| 521 | 2 |
_aK _bRaz-Plus |
|
| 650 | 1 |
_aFootball _vFiction. |
|
| 650 | 1 |
_aSchools _vFiction. |
|
| 650 | 1 |
_aCoaches (Athletics) _vFiction. |
|
| 650 | 1 | _aHumorous stories. | |
| 700 | 1 |
_aPaillot, Jim _eillustrator |
|
| 906 |
_a7 _bcbc _corignew _d1 _eecip _f20 _gy-gencatlg |
||
| 942 |
_2ddc _cBK _n0 |
||
| 999 |
_c2129 _d2129 |
||